00386nam a2200169Ia 4500008004000000020001800040041000800058082001700066100002300083245002700106260003300133300001100166650001000177650001100187650001000198650000800208210210b2008 xxu||||| |||| 00| 0 eng d a9788183761642 aeng a361.614 NAGW aNAGENDRA (Shilaja) aWomen and human rights aJaipurbABD Publishersc2008 avi,255 aWomen arights ahuman aand